| 000 | 00640nam a2200253Ia 4500 | ||
|---|---|---|---|
| 003 | OSt | ||
| 005 | 20220928124311.0 | ||
| 006 | a|||||r|||| 00| 0 | ||
| 007 | ta | ||
| 008 | 220927b |||||||| |||| 00| 0 eng d | ||
| 024 | _a65578 | ||
| 037 | _cTextual | ||
| 040 |
_aSDCL _cSDCL _beng |
||
| 041 |
_2eng _aeng |
||
| 082 | _aX61.2'P, P4 | ||
| 100 |
_aJhingan M L _9464260 |
||
| 245 | 0 | _aMoney,banking,international trade and public finance. | |
| 250 | _a7 | ||
| 260 |
_aDelhi _c2004 |
||
| 300 |
_axv,839p. _ccm. |
||
| 650 |
_aMoney _9375635 |
||
| 942 |
_hX61.2'P, P4 _cTEXL _2CC |
||
| 999 |
_c777148 _d777148 |
||